| 000 | 00565nam a2200157Ia 4500 | ||
|---|---|---|---|
| 008 | 260520s2020 xx 000 0 und d | ||
| 041 | _amar | ||
| 082 | _a305.4/BOR | ||
| 100 | _aबोर्डे-खडसे, सुनिता | ||
| 245 | _aस्त्री सुधारणा खंड २५ भाग ८ | ||
| 250 | _a1st ed | ||
| 260 |
_aमुंबई _bउच्च व तंत्रशिक्षण विभाग महाराष्ट्र शासन _c2020 |
||
| 300 | _a214p. | ||
| 500 | _aCat No: 15204 | ||
| 650 | _aSOCIOLOGY | ||
| 999 |
_c1221928 _d1221928 |
||